000 00534nam a2200217Ia 4500
005 20241216010105.0
008 180423s9999||||xx |||||||||||||| ||und||
082 _a371.96
_bH43
100 _aHERNANDEZ RUIZ, SANTIAGO
245 0 _aLA CLASE
250 _a6
260 _aMEXICO
_bFERANANDEZ, S.A.
_c1967
300 _a125 pag.
_c17 cm
341 _h0
490 _v0
_a0
505 _aCLASE-TECNICAS
541 _aD
_bALUMN.EDUC.PRIM.PROM.89
_d31-Mar-93
650 _aCIENCIAS SOCIALES
856 _zHumanidades
942 _cLIBRO
999 _c5285
_d5285